000 02180cam a22004454i 4500
003 PE-LiUPU
005 20250731173316.0
008 150625s1993 xxk r 000 0 spa d
020 _a0311324363
035 _a(Sirsi) i9780311324361
040 _aPE-LiUPU
_bspa
_cPE-LiUPU
_erda
049 _aPRUA
082 0 4 _a264
_bZ24
_221
100 1 _aZamora, Daniel,
_eautor.
245 1 0 _aUnámonos en la adoración :
_buna guía administrativa un énfasis en asistencia y adoración /
_cDaniel Zamora.
264 1 _aEl Paso, TX :
_bCasa Bautista de Publicacones,
_c1993.
300 _a96 páginas ;
_c21 centímetros
336 _atext
_2rdacontent
337 _aunmediated
_2rdamedia
338 _avolume
_2rdacarrier
505 0 _aQué sigifica "Unámonos en la adoración. -Fin de semana de enriquecimiento en la adoración. -Encuesta sobre la adoración congregacional. -"Unamonos en la adoración a tráves de las clases de escuela dominical. -"Unamonos en al adoración para celebrar nuestra herencia y esperanza. -"Unamonos en la adoración para celebrar nuestra herencia y esperanza. -Unamonos en la adoración de nuestras familias, amigos y vecinos. -"Unamonos en al adoración para proclamar las buenas nuevas, para compartir el Espíritude Cristo, para celebrar la victoria de Cristo, para cantar, para celebrar nuestra fe. -"Unamonos en la adoración para honrar la palabra de Dios, para renovar nuestro compromiso con con el Señor.
526 _aSEG42
526 _aSEG41
526 _aSEG40
526 _aSEG39
526 _aP94
526 _aP87
526 _aP86
526 _aP85
526 _aP77
526 _aP76
526 _aP35
541 _g001-0000131;
650 0 4 _aAdoración cristiana.
942 _2ddc
_cBOOK
949 _a264 Z24
_wDEWEY
_c1
_i56447
_lCCODEBUL1
_mBUL
_p3.00
_r0
_sY
_tBOOK
_u2015-6-25
_xTEOLOGIA
_zUNKNOWN
_0COMPRA
_o.STAFF. Colección General
994 _aC0
_bPEPRU
596 _a1
999 _a264 Z24
_wDEWEY
_c45692
_i56447
_d45692
_f2021-11-10
_g4
_lCCODEBUL1
_mBUL
_p3.00
_q1
_r0
_sY
_tBOOK
_u2015-6-25
_xTEOLOGIA
_zUNKNOWN
_0COMPRA
_o.STAFF. Colección teología
980 _81
_gALBERTO SANCHEZ Responsable de Automatización